000 00832cam a2200253 a 4500
001 000006926
005 20200929154025.0
008 830307s1964 cl b 000 0 spa
035 _a(DLC) 65056441
035 _a(OCoLC)9285798
040 _aDO-SdBNP
_cICarbS
_dOCoLC
_dDLC
082 _a923.1
_bR741e
100 1 _aRojas, Robinson.
_919202
245 1 0 _aEstos mataron a Kennedy! :
_bReportaje de un golpe de estado.
260 _aBuenos Aires :
_bAldina,1964,
_c1964.
300 _a154 p. ;
_c21 cm.
504 _aBibliografías: p. 153-154.
600 1 0 _aKennedy, John F.
_q(John Fitzgerald),
_d1917-1963
_93189
650 4 _aAsesinato
_zEstados Unidos
_919203
651 4 _aEstados Unidos
_xPolítica Y Gobierno
_ySIGLO XX
_919204
650 4 _aNegocios y política
_919205
910 _aCatalogación derivada
049 _aBNGR
999 _c6710
_d6710